Neustále zlepšovanie v zmysle požiadaviek normy STN EN ISO 9001:2009

Základné aspekty neustáleho zlepšovania. Metodika PDCA (Demingov cyklus) ako známa súčasť systémov manažérstva kvality. Proces neustáleho zlepšovania. Neustále zlepšovanie v zmysle normy STN EN ISO 9001:2009.

Gespeichert in:
Bibliographische Detailangaben
1. Verfasser: Krnáčová, Paulína, 1983-
Format: Buchkapitel
Sprache:Slowakisch
Schlagworte:
Tags: Tag hinzufügen
Keine Tags, Fügen Sie das erste Tag hinzu!

MARC

LEADER 00000naa$a2200000$$$4500
001 0120332
005 20240524065419.6
041 0 |a slo 
044 |a SK 
245 1 0 |a Neustále zlepšovanie v zmysle požiadaviek normy STN EN ISO 9001:2009  |c Paulína Krnáčová 
520 |a Základné aspekty neustáleho zlepšovania. Metodika PDCA (Demingov cyklus) ako známa súčasť systémov manažérstva kvality. Proces neustáleho zlepšovania. Neustále zlepšovanie v zmysle normy STN EN ISO 9001:2009. 
610 2 0 |a kvalita 
610 2 0 |a riadenie kvality 
610 2 0 |a systémy kvality 
610 2 0 |a normy ISO 
610 2 0 |a normy kvality 
100 1 |a Krnáčová, Paulína, 1983-